| 000 | 00557nam a2200217Ia 4500 | ||
|---|---|---|---|
| 003 | OSt | ||
| 005 | 20220926041547.0 | ||
| 006 | a|||||r|||| 00| 0 | ||
| 007 | ta | ||
| 008 | 220923b |||||||| |||| 00| 0 eng d | ||
| 037 | _cGeneral Book | ||
| 040 |
_aRTL _cRTL _beng |
||
| 041 |
_2eng _aeng |
||
| 082 | _aXM5v73, J3 | ||
| 100 | _aWeston J Fred | ||
| 245 | 0 | _aRole mergers in the growth of large firms | |
| 260 | _c1953 | ||
| 650 | _aJoint Stock Company | ||
| 942 |
_hXM5v73, J3 _cGB _2CC |
||
| 999 |
_c667503 _d667503 |
||